000 00315nam a2200085Ia 4500
245 0 _aThe saddest girl in the world : the true story of a neglected and isolated little girl who just wanted to be loved
100 _a GLASS, Cathy London, 2009
_981596
942 _cBK
008 210817s9999 xx 000 0 und d
999 _c291395
_d291394